Top 50 Countries By Murder Rate - Statistics

General Stats
  • This quiz has been taken 153 times
  • The average score is 34 of 50
Answer Stats
Rate Country % Correct
29.07 Mexico
94%
25.34 Colombia
88%
36.69 Venezuela
87%
21.44 Brazil
86%
52.02 El Salvador
86%
6.68 Haiti
83%
7.71 Panama
83%
10.05 Dominican Republic
82%
38.93 Honduras
82%
7.19 Nicaragua
82%
36.40 South Africa
82%
22.50 Guatemala
81%
11.26 Costa Rica
79%
37.79 Belize
77%
8.37 Russia
77%
6.22 Bolivia
76%
10.07 Iraq
76%
34.92 Nigeria
76%
7.91 Peru
76%
26.59 Dominica
75%
43.85 Jamaica
75%
9.77 Barbados
74%
29.93 Trinidad and Tobago
74%
14.25 Guyana
72%
31.96 Saint Kitts and Nevis
71%
36.54 Saint Vincent and the Grenadines
71%
21.42 Saint Lucia
70%
11.06 Antigua and Barbuda
68%
30.65 Bahamas
68%
7.13 Paraguay
68%
6.66 Afghanistan
64%
6.77 Yemen
64%
10.82 Grenada
63%
14.87 South Sudan
62%
8.79 Ethiopia
60%
10.52 Uganda
60%
6.46 Ukraine
60%
20.12 Central African Republic
57%
6.40 Philippines
57%
43.56 Lesotho
56%
11.56 Eswatini
55%
9.75 Papua New Guinea
54%
7.48 Zimbabwe
53%
17.68 Namibia
52%
15.25 Botswana
50%
6.48 Tanzania
41%
7.52 Kiribati
36%
11.17 Palau
36%
18.62 Tuvalu
32%
12.54 Seychelles
31%
No matching quizzes found
Score Distribution
Percent of People with Each Score
Percentile by Number Answered
Your Score History
You have not taken this quiz